| 000 | 00637nam a2200193 a 4500 | ||
|---|---|---|---|
| 003 | PILC | ||
| 005 | 20150112093428.0 | ||
| 008 | 100712s19uu xx 00 eng d | ||
| 020 | _a9780713176698 | ||
| 050 |
_aQA 76 _b.B622 1988 |
||
| 082 |
_aCSF 004 _bB54 1988 |
||
| 100 |
_aBishop, Peter _95848 |
||
| 245 |
_aComprehensive computing the GCSE course / _cPeter Bishop |
||
| 260 |
_aLondon : _bHodder & Stoughton, _c1988. |
||
| 300 |
_a317 pages : _bcolored illustration ; _c28 cm. |
||
| 500 | _aIncludes index. | ||
| 650 |
_aComputer Science _xInformation Technology _xComputer Networks _xArtificial Intelligence _95849 |
||
| 942 |
_2lcc _cBK |
||
| 999 |
_c14263 _d14263 |
||